日本有名人知名度ランキングTOP100 - Statistics

General Stats
  • This quiz has been taken 939 times
  • The average score is 26 of 100
Answer Stats
順位 人名 職業 認知度 % Correct
32 大谷翔平 プロ野球選手 84.8%
83%
9 松本人志 お笑いタレント 92.1%
74%
2 明石家さんま お笑いタレント 96.6%
72%
6 イチロー 元プロ野球選手 93.3%
67%
13 浜田雅功 お笑いタレント 91.1%
66%
1 タモリ お笑いタレント 97.1%
63%
4 ビートたけし お笑いタレント 95.1%
58%
17 羽生結弦 元フィギュアスケート選手 89.2%
57%
38 王貞治 元プロ野球選手 82.8%
56%
70 HIKAKIN YouTuber 73.5%
56%
36 岸田文雄 政治家 83.9%
55%
39 長嶋茂雄 元プロ野球選手 82.7%
54%
26 浅田真央 元フィギュアスケート選手 86.3%
53%
61 羽生善治 将棋棋士 75.5%
48%
12 小泉純一郎 政治家 91.2%
44%
89 麻生太郎 政治家 69.7%
44%
28 菅義偉 政治家 85.9%
43%
47 櫻井翔 歌手 80.4%
43%
11 木村拓哉 タレント 91.4%
42%
49 二宮和也 歌手 79.6%
42%
60 松本潤 歌手 75.8%
42%
51 具志堅用高 元プロボクサー 79.1%
41%
15 中居正広 タレント 90.2%
39%
94 相葉雅紀 歌手 68.7%
39%
5 笑福亭鶴瓶 落語家 94.3%
38%
31 大坂なおみ プロテニス選手 85.2%
37%
63 松井秀喜 元プロ野球選手 75.3%
37%
20 草彅剛 タレント 87.6%
34%
54 小泉進次郎 政治家 77.6%
34%
3 和田アキ子 歌手 96.0%
33%
10 マツコ・デラックス タレント 92.0%
33%
14 所ジョージ シンガーソングライター 90.5%
33%
29 北島三郎 演歌歌手 85.6%
33%
37 香取慎吾 タレント 83.4%
33%
50 有吉弘行 お笑いタレント 79.4%
32%
52 稲垣吾郎 タレント 78.6%
31%
19 ダルビッシュ有 プロ野球選手 88.5%
30%
27 内村光良 お笑いタレント 86.2%
29%
7 黒柳徹子 女優 92.4%
27%
22 長嶋一茂 タレント 87.3%
26%
45 小池百合子 政治家 80.8%
26%
80 橋下徹 弁護士 71.2%
25%
21 福山雅治 シンガーソングライター 87.4%
24%
23 桑田佳祐 シンガーソングライター 87.0%
24%
16 出川哲朗 お笑いタレント 89.5%
23%
76 南原清隆 お笑いタレント 72.0%
22%
40 松田聖子 アイドル 82.1%
21%
58 田中将大 プロ野球選手 76.1%
21%
77 有田哲平 お笑いタレント 71.8%
21%
95 石橋貴明 お笑いタレント 68.5%
21%
72 三浦知良 プロサッカー選手 72.7%
20%
92 今田耕司 お笑いタレント 69.1%
19%
41 IKKO 美容師 82.0%
19%
75 芦田愛菜 女優 72.2%
17%
18 加藤茶 コメディアン 88.9%
16%
34 蓮舫 政治家 84.5%
16%
46 阿部寛 俳優 80.7%
16%
86 岡村隆史 お笑いタレント 70.3%
16%
24 フワちゃん お笑いタレント 86.7%
15%
56 大泉洋 俳優 76.8%
15%
73 春日俊彰 お笑いタレント 72.5%
15%
81 日村勇紀 お笑いタレント 71.0%
15%
90 小林幸子 歌手 69.6%
15%
30 ヒロミ お笑いタレント 85.4%
14%
65 石原良純 タレント 74.6%
14%
85 氷川きよし 歌手 70.4%
14%
88 原辰徳 元プロ野球選手 69.9%
14%
91 城島茂 タレント 69.4%
14%
100 太田光 お笑いタレント 67.5%
14%
66 新庄剛志 元プロ野球選手 74.2%
13%
83 矢沢永吉 ロックミュージシャン 70.8%
13%
53 郷ひろみ 歌手 78.2%
12%
57 みのもんた アナウンサー 76.4%
12%
59 鈴木福 俳優 76.0%
12%
79 高木ブー コメディアン 71.4%
11%
8 デヴィ夫人 タレント 92.2%
10%
64 千原ジュニア お笑いタレント 74.9%
10%
35 泉ピン子 女優 84.3%
9%
42 渡辺直美 お笑いタレント 81.4%
9%
48 クロちゃん お笑いタレント 80.1%
9%
87 ガッツ石松 元プロボクサー 70.1%
9%
97 林修 タレント 68.1%
9%
99 宮根誠司 アナウンサー 67.7%
9%
25 萩本欽一 コメディアン 86.5%
8%
44 松平健 俳優 81.0%
8%
74 久本雅美 お笑いタレント 72.4%
8%
98 岡田准一 俳優 67.9%
8%
33 劇団ひとり お笑いタレント 84.6%
7%
62 堺正章 タレント 75.4%
7%
67 小峠英二 お笑いタレント 74.1%
7%
96 関根勤 お笑いタレント 68.2%
7%
68 武田鉄矢 俳優 73.9%
6%
71 ベッキー タレント 73.1%
6%
84 江頭2:50 お笑いタレント 70.5%
5%
82 きゃりーぱみゅぱみゅ 歌手 70.9%
4%
93 ウド鈴木 お笑いタレント 68.8%
4%
43 研ナオコ 歌手 81.2%
3%
55 石田純一 タレント 77.4%
3%
69 舘ひろし 俳優 73.8%
3%
78 えなりかずき タレント 71.5%
3%
No matching quizzes found
Score Distribution
Percent of People with Each Score
Percentile by Number Answered
Your Score History
You have not taken this quiz